|
|
|
|
| LEADER |
00000cam a2200000 7i4500 |
| 001 |
0000031245 |
| 005 |
20111223.0 |
| 008 |
111223 |
| 020 |
|
|
|a 9679695441
|
| 090 |
0 |
0 |
|a 747
|b RUM
|
| 110 |
1 |
|
|a Berita Publishing Sdn Bhd
|
| 245 |
1 |
0 |
|a Rumah selebriti
|c Berita Publishing Sdn Bhd
|
| 260 |
|
|
|a KL :
|b Berita Publishing Sdn Bhd ,
|c 2006
|
| 650 |
|
0 |
|a Decorative arts
|
| 650 |
|
0 |
|a Interior decoration
|
| 999 |
|
|
|a 0001143199
|b Book
|c Adult Collection
|e Cawangan Urban Transformation Centre
|
| 999 |
|
|
|a 0001143200
|b Book
|c Adult Collection
|e Perbadanan Perpustakaan Awam Johor
|
| 999 |
|
|
|a 0001143201
|b Book
|c Adult Collection
|e Cawangan Urban Transformation Centre
|